| 000 | 00659nam a2200253Ia 4500 | ||
|---|---|---|---|
| 003 | OSt | ||
| 005 | 20220928130331.0 | ||
| 006 | a|||||r|||| 00| 0 | ||
| 007 | ta | ||
| 008 | 220927b |||||||| |||| 00| 0 eng d | ||
| 024 | _a74567 | ||
| 037 | _cTextual | ||
| 040 |
_aSDCL _cSDCL _beng |
||
| 041 |
_2eng _aeng |
||
| 082 | _aB8, L0 | ||
| 100 |
_aArfken George _9473595 |
||
| 245 | 0 | _aMathematical methods for physicists | |
| 250 | _a2 | ||
| 260 |
_aNew York _b Academic Pr _c1970 |
||
| 300 |
_axx,815p _ccm. |
||
| 490 | _aAcademic press international edition | ||
| 942 |
_hB8, L0 _cTEXL _2CC |
||
| 999 |
_c786125 _d786125 |
||